000 00504cam a2200181ua 4500
020 _cRs 1.00
041 _amal
_h
082 _a894.812 7
_bRAJ/PA
100 _aRaja Raja Varma, P K .
245 _aPanchumenavanum Kunchiyammayum, Part 2 /
_cP K Raja Raja Varma.
_hTextual Documents
260 _aKottayam :
_bSahitya Pravarthaka Co-operative Society ,
_c1960.
300 _a88 ; .
365 _aRs 1.00
504 _a
650 _aHumour - Malayalam
942 _cBK
999 _c530
_d530